| 000 | 00775nam a2200229Ia 4500 | ||
|---|---|---|---|
| 001 | 4952 | ||
| 003 | GE_BSU | ||
| 008 | 181216s||||||||xx |||||||||||||| ||und|| | ||
| 040 | _cGE_BSU | ||
| 080 | _a664.6/.7(075.8) | ||
| 100 | _aЗаицев,Н.В. | ||
| 245 | _aТехнологическое оборудование хлебозаводов. | ||
| 245 | _bУчебник. | ||
| 245 | _cРед. А.З.Хмельницкая. | ||
| 250 | _aизд. 3-е, перераб. и дополн. | ||
| 260 | _aМ. | ||
| 260 | _bПищевая промышленность. | ||
| 260 | _c1967. | ||
| 300 | _a583стр.с илл.22см.библиогр.:стр.574. | ||
| 653 | _aТехнологическое оборудование хлебозаводов. | ||
| 942 | _cBK | ||
| 999 |
_c38694 _d38694 |
||